| 000 | 01005nam a2200253 i 4500 | ||
|---|---|---|---|
| 001 | 170843 | ||
| 003 | ES-MaACL | ||
| 005 | 20230906214456.0 | ||
| 007 | t| | ||
| 008 | 090408s1929 fr |||| | fre d | ||
| 080 | _a929 Winckelmann, Johann Joachim | ||
| 080 | _a902 | ||
| 100 | 1 |
_aBac, Ferdinand. _924428 |
|
| 245 | 1 | 3 |
_aLe favori du cardinal Albani _b: (Jean-Joachim Winckelmann), "le Père de l'Archéologie", 1717-1768 / _cFerdinand Bac. |
| 260 |
_aParis : _bLouis Conard, _c1929. |
||
| 300 |
_a350 p. ; _c19 cm. |
||
| 505 | 8 | _aIncluye: La dernière vestale : Angélica Kauffmann, une disciple de Winckelmann, 1740-1806. | |
| 600 | 1 | 4 |
_aWinckelmann, Johann Joachim. _9117058 |
| 600 | 1 | 4 |
_aAlbani, Alessandro. _9139762 |
| 600 | 1 | 4 |
_aKauffmann, Angelica. _9139763 |
| 650 | 0 | 4 |
_aArqueología- _vHistoria. _99978 |
| 740 | 3 | 2 | _aLa dernière vestale : Angélica Kauffmann, une disciple de Winckelmann, 1740-1806. |
| 852 | 4 |
_aES-MaACL _jE-12551 _9R.140153 _z. - Biblioteca Jacinto Martínez Lacalle |
|
| 999 |
_c170843 _d170843 |
||